000 00840nas a2200265 4500
001 BR2016002735
003 BR-BrBNA
005 20231205130422.0
007 ta
008 230509b bl.|||p| |||| 00| 00por d
040 _aBR-BrBNA
_bpor
_cBiblioteca Nacional de Agricultura
041 _a(Pt)
072 _aK10
100 1 _aGuollo, K.
100 1 _aPossenti, J.C.
100 1 _aFelippi, M.
245 1 _aGerminação de sementes de guatambu sob dois regimes de luz
650 _aSEMENTE FLORESTAL
650 _aGUATAMBU
650 _aÁRVORE ANGIOSPERMA
773 0 _tPesquisa Florestal Brasileira (Brazil)
_xISSN 1983-2605
_g(Jul-Sep 2015), v. 35(83) p. 353-357
_wBR2016002735
856 4 0 _uhttp://pfb.cnpf.embrapa.br/pfb/index.php/pfb/article/view/758
909 _a202311
_bLúcia
_c55
_dLúcia Elande
942 _2AGRIS
_n0
_cANA
999 _c249339
_d249339